Statistics for Countries Closest to Los Angeles by Continent

Click here to take the quiz!

General Stats

  • This quiz has been taken 193 times
  • The average score is 24 of 30

Answer Stats

HintAnswer% Correct
198Mexico
95%
1,644Canada
93%
7,916Japan
92%
8,367China
90%
4,881Russia
90%
6,162Brazil
89%
0United States
88%
4,676Ecuador
87%
7,962United Kingdom
87%
6,780Iceland
86%
8,062Ireland
86%
5,739Peru
86%
9,439South Korea
85%
5,288Venezuela
85%
5,031Colombia
84%
9,553Morocco
83%
3,252Guatemala
82%
9,016North Korea
81%
3,396Belize
76%
10,057Senegal
75%
9,226Cape Verde
70%
5,390Kiribati
70%
9,690Mauritania
69%
7,741Samoa
69%
8,087Tuvalu
69%
7,943Norway
68%
9,864Algeria
67%
8,289Tonga
67%
7,682Marshall Islands
65%
9,252Mongolia
58%

Score Distribution

Percentile by Number Answered

Percent of People with Each Score

Your Score History

You have not taken this quiz